000 00652nam a2200241Ia 4500
003 OSt
005 20220928112542.0
006 a|||||r|||| 00| 0
007 ta
008 220927b |||||||| |||| 00| 0 eng d
024 _a64424
037 _cTextual
040 _aSDCL
_cSDCL
_beng
041 _2eng
_aeng
082 _aV2'C599, B5
100 _aMcCrindle J. W.
_9428711
245 0 _aAncient India
260 _aAmsterdam
_bPhilo Press
_c1885
300 _aliii,468p.
_ccm.
700 _a Jain Ramchandra Ed.
_9428712
942 _hV2'C599, B5
_cTEXL
_2CC
999 _c745241
_d745241